| 000 | 00532nam a2200169 a 4500 | ||
|---|---|---|---|
| 005 | 20140412111348.0 | ||
| 008 | 050421s19uu xx 00 eng d | ||
| 020 | _a0-8499-4031-1 | ||
| 050 |
_aM 226.09 _bH27 1994 |
||
| 100 | _aHastings, Selina | ||
| 245 |
_aThe birth of Jesus : _band other Bible stories / _cretold by Selina Hastings. |
||
| 260 |
_aNashville : _bTommy Nelson, Inc, _c1994. |
||
| 300 | _a64 p. ; ill. | ||
| 650 |
_aJesus Christ _xNativity _xJuvenile literature |
||
| 650 | _aBible stories, N. T. | ||
| 999 |
_c105234 _d105234 |
||